A Text book of heat (Record no. 2578)

000 -LEADER
fixed length control field 00370nam a22001577a 4500
008 - FIXED-LENGTH DATA ELEMENTS--GENERAL INFORMATION
fixed length control field 200311b ||||| |||| 00| 0 eng d
082 00 - DEWEY DECIMAL CLASSIFICATION NUMBER
Classification number 536
Item number N194
100 ## - MAIN ENTRY--PERSONAL NAME
9 (RLIN) 673
Personal name Naokes, G. R.
245 10 - TITLE STATEMENT
Title A Text book of heat
250 ## - EDITION STATEMENT
Edition statement 1st ed.
260 ## - PUBLICATION, DISTRIBUTION, ETC. (IMPRINT)
Place of publication, distribution, etc London
Name of publisher, distributor, etc Macmillan
Date of publication, distribution, etc 1953
300 ## - PHYSICAL DESCRIPTION
Extent vi,469p.
365 ## - TRADE PRICE
Unit of pricing 9.00
650 #0 - SUBJECT ADDED ENTRY--TOPICAL TERM
Topical term or geographic name as entry element Heat
942 ## - ADDED ENTRY ELEMENTS (KOHA)
Item type Books
Holdings
Withdrawn status Lost status Source of classification or shelving scheme Damaged status Not for loan Permanent location Current location Date acquired Source of acquisition Full call number Barcode Date last seen Koha item type
          IMU Kolkata IMU Kolkata 1954-03-26 A. H. Wheeler 536 N194 02070 2020-07-13 Books
          IMU Kolkata IMU Kolkata 1954-03-26 A. H. Wheeler 536 N194 02071 2020-03-11 Books
Designed and Maintained by IMU-KC Library, Kolkata Campus © Copyright All Rights Reserved

webs counters

Powered by Koha